000
00276nam a22001217a 4500
020
_a
9788183482776
082
_a
028.702 SIJ/WI
100
_a
Sijwali B S
245
_a
Winning Interviews for top jobs
260
_a
Meerut
_b
Arihant Publications
300
_a
218
942
_c
BK
999
_c
13842
_d
13842